[Event "50th Rilton Cup 2022-23"]
[Site "Stockholm SWE"]
[Date "2022.12.27"]
[Round "1.1"]
[White "Sasikiran, Krishnan"]
[Black "Ilamparthi, A R"]
[Result "1-0"]
[WhiteTitle "GM"]
[WhiteElo "2635"]
[BlackElo "2336"]
[WhiteFideId "5004985"]
[BlackFideId "45015775"]
[EventDate "2022.12.27"]

1. d4 Nf6 2. c4 g6 3. g3 c5 4. d5 b5 5. cxb5 a6 6. bxa6 Bxa6 7. Nc3 Bg7 8. e4
Bxf1 9. Kxf1 d6 10. Kg2 O-O 11. Nf3 Nbd7 12. h3 Qa5 13. Re1 Rfb8 14. e5 Ne8 15.
e6 fxe6 16. Rxe6 Bxc3 17. bxc3 Qxc3 18. Bg5 Nef6 19. Rxe7 Re8 20. Rc1 Qa3 21.
Qe1 Rxe7 22. Qxe7 Qb2 23. Bh6 Ne4 24. Qxe4 1-0

[Event "50th Rilton Cup 2022-23"]
[Site "Stockholm SWE"]
[Date "2022.12.27"]
[Round "1.2"]
[White "Lahdelma, Henri"]
[Black "Smirin, Ilia"]
[Result "0-1"]
[WhiteTitle "FM"]
[BlackTitle "GM"]
[WhiteElo "2332"]
[BlackElo "2596"]
[WhiteFideId "510394"]
[BlackFideId "2801990"]
[EventDate "2022.12.27"]

1. e4 c5 2. c3 g6 3. d4 cxd4 4. cxd4 d5 5. e5 Nc6 6. Nf3 Bg4 7. Bb5 e6 8. Bxc6+
bxc6 9. Nc3 Ne7 10. Bg5 Bg7 11. O-O h6 12. Bxe7 Qxe7 13. Na4 O-O 14. h3 Bxf3 15.
Qxf3 f6 16. exf6 Rxf6 17. Qe3 e5 18. dxe5 Rf5 19. Rac1 Rxe5 20. Qd3 Qe8 21. Rc2
Kh7 22. Nc5 a5 23. b3 Ra7 24. Qd2 h5 25. f4 Bh6 26. Qd4 Ree7 27. Kh1 Re1 28. Rf2
Rf7 29. Qd2 Rxf1+ 30. Rxf1 h4 31. Qxa5 Qe3 32. f5 gxf5 33. Re1 Qg3 34. Ne6 Be3
35. Qc3 d4 36. Qa1 f4 37. Qb1+ Kh6 38. Nxd4 Bxd4 39. Re6+ Kg7 40. Re4 f3 41.
Rg4+ Qxg4 42. hxg4 f2 0-1

[Event "50th Rilton Cup 2022-23"]
[Site "Stockholm SWE"]
[Date "2022.12.27"]
[Round "1.3"]
[White "Livaic, Leon"]
[Black "Kupervaser, Erez"]
[Result "1-0"]
[WhiteTitle "GM"]
[BlackTitle "FM"]
[WhiteElo "2572"]
[BlackElo "2331"]
[WhiteFideId "14531534"]
[BlackFideId "2814587"]
[EventDate "2022.12.27"]

1. d4 d5 2. c4 c6 3. cxd5 cxd5 4. Bf4 Nf6 5. e3 Qb6 6. Nc3 Qxb2 7. Bb5+ Bd7 8.
Bxd7+ Nbxd7 9. Nge2 Qa3 10. Rb1 Rc8 11. O-O e6 12. Rxb7 Qa6 13. Qb3 Ne4 14. Nxe4
dxe4 15. Qb5 Qxb5 16. Rxb5 Be7 17. Rc1 Rxc1+ 18. Nxc1 Bd8 19. Nb3 Rg8 20. Rb7 g5
21. Bd6 a6 22. Nc5 Nb6 23. Nxe4 f5 24. Nc5 Nc4 25. Bc7 1-0

[Event "50th Rilton Cup 2022-23"]
[Site "Stockholm SWE"]
[Date "2022.12.27"]
[Round "1.4"]
[White "Dubkov, Andrej"]
[Black "Meshkovs, Nikita"]
[Result "1-0"]
[WhiteTitle "FM"]
[BlackTitle "GM"]
[WhiteElo "2330"]
[BlackElo "2566"]
[WhiteFideId "4686411"]
[BlackFideId "11602740"]
[EventDate "2022.12.27"]

1. d4 Nf6 2. c4 e6 3. Nf3 b6 4. a3 Bb7 5. Nc3 d5 6. cxd5 Nxd5 7. Bd2 Be7 8. Qc2
O-O 9. e4 Nxc3 10. Bxc3 Nd7 11. Rd1 Qc8 12. Bc4 Nf6 13. Bd3 h6 14. O-O Rd8 15.
d5 Ne8 16. dxe6 Qxe6 17. Nd4 Qg6 18. Nf5 Bf8 19. Rfe1 c5 20. Re3 Qe6 21. Rde1 g6
22. Qe2 Kh7 23. Bc4 Qd7 24. Rd3 Qc7 25. Ng3 Nd6 26. Bd5 c4 27. Rdd1 Nb5 28. Bf6
Rd7 29. Bxc4 Nd6 30. Ba2 Re8 31. e5 Nc8 32. Rc1 Qb8 33. e6 Rc7 34. Qg4 Nd6 35.
exf7 Rxe1+ 36. Rxe1 Qc8 37. Be6 Qa8 38. Nh5 Bxg2 39. Be5 Be7 40. Bxd6 Bf3 41.
Qd4 1-0

[Event "50th Rilton Cup 2022-23"]
[Site "Stockholm SWE"]
[Date "2022.12.27"]
[Round "1.5"]
[White "Jacobson, Brandon"]
[Black "Tanmay, Chopra"]
[Result "1/2-1/2"]
[WhiteTitle "GM"]
[BlackTitle "FM"]
[WhiteElo "2551"]
[BlackElo "2329"]
[WhiteFideId "30901561"]
[BlackFideId "25630946"]
[EventDate "2022.12.27"]

1. d4 Nf6 2. c4 e6 3. Nc3 Bb4 4. e3 O-O 5. Bd3 d5 6. cxd5 exd5 7. a3 Bd6 8. Qc2
b6 9. b4 c6 10. Nge2 Re8 11. O-O Nbd7 12. Rb1 g6 13. Kh1 a6 14. Qb3 Ne4 15. Bxe4
dxe4 16. f3 Qh4 17. g3 Qh3 18. Bd2 Nf6 19. Nxe4 Rxe4 20. fxe4 Be6 21. Rxf6 Bxb3
22. Rxb3 Qg4 23. Nc3 Rd8 24. Rb1 h5 25. Rbf1 h4 26. gxh4 Qxh4 27. R6f2 f6 28.
Rg2 Kg7 29. Rfg1 Qh5 30. Rxg6+ Qxg6 31. Rxg6+ Kxg6 32. Kg2 a5 33. Na4 axb4 34.
Bxb4 Bc7 35. h3 Kf7 36. Nc3 Rg8+ 37. Kf2 Rh8 38. Kg2 Rg8+ 39. Kf2 Bg3+ 40. Kf3
Bb8 41. Kf2 Rh8 42. Kg2 Rh4 43. a4 Bc7 44. Ba3 Rh8 45. Bb4 Rg8+ 46. Kf2 Rg3 47.
e5 Rxh3 48. exf6 Kxf6 49. Ke2 Ke6 50. Kd2 Bd8 51. e4 Kd7 52. Kc2 Re3 53. Kb3 Bh4
54. a5 bxa5 55. Bxa5 Be1 56. d5 Kd6 57. dxc6 Kxc6 58. Kc4 Bxc3 59. Bxc3 Rxe4+
60. Kd3 Kd5 61. Bd2 Ra4 62. Ke3 Re4+ 63. Kf3 Kd4 64. Bf4 Re8 65. Bh2 Rf8+ 66.
Kg2 Ke3 67. Bg1+ Ke2 68. Bh2 Rg8+ 69. Kh1 Kf3 70. Bg1 Rh8+ 71. Bh2 Rh7 72. Kg1
Rb7 73. Kh1 Kf2 74. Bg1+ Kf1 75. Bh2 Rg7 76. Be5 Rg5 77. Bh2 Rg6 78. Be5 Re6 79.
Bh2 Kf2 80. Bg1+ Kg3 81. Bh2+ Kh3 82. Bg1 Re2 83. Bc5 Re1+ 84. Bg1 Re5 85. Bb6
Re6 86. Bd4 Kg3 87. Ba7 Re8 88. Bc5 Rd8 89. Bb6 Rd7 90. Bc5 Rh7+ 91. Kg1 Rh5 92.
Bd6+ Kf3 93. Bh2 Rg5+ 94. Kh1 Kf2 95. Bc7 Rg1+ 96. Kh2 Rg6 97. Kh1 Rc6 98. Be5
Rc4 99. Bb8 Rc1+ 100. Kh2 Rc8 101. Ba7+ Kf3 102. Kh1 Kg3 103. Bb6 Rc4 104. Ba7
Rh4+ 105. Kg1 Rh8 106. Bc5 Rd8 107. Kh1 Rd1+ 108. Bg1 Rxg1+ 1/2-1/2

[Event "50th Rilton Cup 2022-23"]
[Site "Stockholm SWE"]
[Date "2022.12.27"]
[Round "1.6"]
[White "Karavade, Eesha"]
[Black "Blomqvist, Erik"]
[Result "0-1"]
[WhiteTitle "IM"]
[BlackTitle "GM"]
[WhiteElo "2325"]
[BlackElo "2544"]
[WhiteFideId "5012600"]
[BlackFideId "1709437"]
[EventDate "2022.12.27"]

1. d4 d5 2. c4 dxc4 3. e3 Nf6 4. Bxc4 e6 5. Nf3 c5 6. O-O a6 7. b3 cxd4 8. Nxd4
Be7 9. Bb2 O-O 10. a4 Bd7 11. Nd2 Nc6 12. N2f3 Qa5 13. Qe2 Rfd8 14. Rfd1 h6 15.
Nxc6 Bxc6 16. Ne5 Bd5 17. Ng4 Bxc4 18. Qxc4 Nd7 19. Qd4 Qg5 20. h3 h5 21. Ne5
Bf6 22. Qf4 Qxf4 23. exf4 Nc5 24. Rxd8+ Rxd8 25. b4 Nd3 26. Nxd3 Rxd3 27. Bxf6
gxf6 28. Rb1 Rd4 29. g3 Kf8 30. a5 f5 31. b5 Ra4 32. b6 Rxa5 33. Rc1 Rb5 34.
Rc8+ Kg7 0-1

[Event "50th Rilton Cup 2022-23"]
[Site "Stockholm SWE"]
[Date "2022.12.27"]
[Round "1.7"]
[White "Krasenkow, Michal"]
[Black "Deuer, Marius"]
[Result "1/2-1/2"]
[WhiteTitle "GM"]
[BlackTitle "FM"]
[WhiteElo "2541"]
[BlackElo "2324"]
[WhiteFideId "1113100"]
[BlackFideId "16236432"]
[EventDate "2022.12.27"]

1. Nf3 Nf6 2. c4 c5 3. Nc3 Nc6 4. d4 cxd4 5. Nxd4 e6 6. a3 d5 7. cxd5 exd5 8.
Bg5 Bc5 9. e3 Bxd4 10. exd4 O-O 11. Be2 h6 12. Bh4 Re8 13. O-O Bf5 14. Bf3 g5
15. Bg3 a6 16. Qd2 Na5 17. Rae1 Rxe1 18. Rxe1 Nc4 19. Qc1 Rc8 20. h4 Ne4 21.
Bxe4 Bxe4 22. hxg5 hxg5 23. Nxe4 dxe4 24. b3 Nd6 25. Qd2 Nf5 26. Rxe4 Nxg3 27.
fxg3 Rc6 28. Qe3 Kf8 29. Re5 f6 30. Rf5 Kg7 31. d5 Rd6 32. Qe4 Qd7 33. g4 Qd8
34. Kf1 Rd7 35. Qd4 Kf7 36. a4 Rd6 37. b4 b6 38. Qc4 a5 39. b5 Kg7 40. Ke2 Rd7
41. Qd4 Kf7 42. Kd3 Rd6 43. Kc4 Qc7+ 44. Kb3 Qd8 45. Qe4 Kg7 46. Kb2 Rd7 47. Kc3
Qc7+ 48. Kd3 Qd8 49. Qc4 Rd6 50. Kd4 Qe7 51. Qc2 Rd7 52. Kd3 Qb4 53. Qc3 Qxa4
54. Qxf6+ Kh7 55. Rxg5 Qd1+ 56. Ke3 Qe1+ 57. Kd3 Qd1+ 58. Ke3 Qe1+ 59. Kd3 1/2-1/2

[Event "50th Rilton Cup 2022-23"]
[Site "Stockholm SWE"]
[Date "2022.12.27"]
[Round "1.8"]
[White "Crevatin, Leo"]
[Black "Urkedal, Frode Olav Olsen"]
[Result "0-1"]
[WhiteTitle "FM"]
[BlackTitle "GM"]
[WhiteElo "2319"]
[BlackElo "2536"]
[WhiteFideId "1726307"]
[BlackFideId "1506102"]
[EventDate "2022.12.27"]

1. d4 Nf6 2. c4 e6 3. Nc3 Bb4 4. f3 c5 5. d5 b5 6. e4 d6 7. Bd2 a6 8. a4 Bxc3 9.
Bxc3 b4 10. Bd2 O-O 11. Bd3 Nbd7 12. Ne2 Ne5 13. Qb1 exd5 14. exd5 Nxd3+ 15.
Qxd3 Nd7 16. Bf4 Qf6 17. Qd2 Nb6 18. Rc1 Nxa4 19. b3 Nb6 20. Ng3 Qe7+ 21. Ne4
Rd8 22. O-O Bf5 23. Rfe1 Qf8 24. Nf6+ Kh8 25. Bg5 h6 26. Bh4 gxf6 27. Qf4 Bg6
28. Bxf6+ Kh7 29. Be7 Qh8 30. Bxd6 Nd7 31. Re7 Qd4+ 32. Qxd4 cxd4 33. Bxb4 a5
34. Bd6 d3 35. Rd1 Rac8 36. g4 a4 37. bxa4 Rxc4 38. h4 Kg8 39. h5 Bh7 40. a5 Nf6
41. Bc7 Ra8 42. d6 Nd5 43. Rd7 Ne3 44. Rd2 Rc2 0-1

[Event "50th Rilton Cup 2022-23"]
[Site "Stockholm SWE"]
[Date "2022.12.27"]
[Round "1.9"]
[White "Galperin, Platon"]
[Black "Bellon Lopez, Juan Manuel"]
[Result "1-0"]
[WhiteTitle "GM"]
[BlackTitle "GM"]
[WhiteElo "2530"]
[BlackElo "2314"]
[WhiteFideId "14165414"]
[BlackFideId "2200031"]
[EventDate "2022.12.27"]

1. d4 Nf6 2. Nf3 c5 3. d5 d6 4. Nc3 Qa5 5. Bd2 b5 6. a3 a6 7. e4 Qc7 8. Bd3 g6
9. O-O Bg7 10. Re1 O-O 11. h3 Nbd7 12. Bf4 Ne5 13. Nxe5 dxe5 14. Bg5 Nh5 15. Be2
Nf4 16. Bg4 h6 17. Bh4 g5 18. Bg3 b4 19. Nb1 Rb8 20. Nd2 c4 21. b3 cxb3 22. cxb3
Qc3 23. Rc1 Bxg4 24. hxg4 Qd4 25. Rc4 Qb2 26. axb4 Rfc8 27. Re3 Rxc4 28. Nxc4
Qd4 29. Qe1 Nd3 30. Qd2 Nf4 31. f3 Qxd2 32. Nxd2 Rxb4 33. Nc4 Rb8 34. Be1 f6 35.
Kf1 Kf7 36. Ba5 Bf8 37. Rc3 Ke8 38. Nb6 Rd8 39. Nc8 Rd7 40. g3 Ng6 41. Rc6 Rb7
42. b4 Rb8 43. Na7 Nh8 44. Rxa6 Nf7 45. Nc6 Rc8 46. b5 Nd6 47. b6 e6 48. Bb4
exd5 49. exd5 1-0

[Event "50th Rilton Cup 2022-23"]
[Site "Stockholm SWE"]
[Date "2022.12.27"]
[Round "1.10"]
[White "Dixit, Nikhil"]
[Black "Hillarp Persson, Tiger"]
[Result "1/2-1/2"]
[WhiteTitle "FM"]
[BlackTitle "GM"]
[WhiteElo "2306"]
[BlackElo "2523"]
[WhiteFideId "5059534"]
[BlackFideId "1700812"]
[EventDate "2022.12.27"]

1. e4 c5 2. Nf3 d6 3. Bb5+ Nd7 4. d4 cxd4 5. Qxd4 a6 6. Bxd7+ Qxd7 7. Nc3 e5 8.
Qd3 Qc6 9. O-O Be6 10. Rd1 Rc8 11. Nd2 Nf6 12. Nf1 h6 13. Ne3 Be7 14. Ncd5 Bxd5
15. exd5 Qd7 16. a4 h5 17. c4 h4 18. h3 Nh5 19. b3 Nf4 20. Qf5 Rh5 21. Qxd7+
Kxd7 22. Kf1 e4 23. Bb2 g6 24. Bd4 f5 25. a5 Nd3 26. Ra2 Bg5 27. Nc2 Bf4 28. Ne1
Ne5 29. Ra4 Rh7 30. Rb4 Kc7 31. Bb6+ Kb8 32. Nc2 Nd7 33. Nd4 Be5 34. Ne6 Bc3 35.
Ra4 Rf7 36. Ng5 Re7 37. Be3 Nc5 38. Ra3 Bb4 39. Ra2 Ka8 40. Rb1 Kb8 41. Ke2 Bc3
42. Rc2 Bb4 43. Ra2 Bc3 44. Rc2 1/2-1/2

[Event "50th Rilton Cup 2022-23"]
[Site "Stockholm SWE"]
[Date "2022.12.27"]
[Round "1.11"]
[White "Abdrlauf, Elham"]
[Black "Rakesh, Kumar Jena"]
[Result "1/2-1/2"]
[WhiteTitle "IM"]
[BlackTitle "IM"]
[WhiteElo "2518"]
[BlackElo "2303"]
[WhiteFideId "1533533"]
[BlackFideId "5084822"]
[EventDate "2022.12.27"]

1. e4 c5 2. Nf3 d6 3. d4 cxd4 4. Nxd4 Nf6 5. f3 g6 6. c4 Bg7 7. Nc3 Nc6 8. Be3
O-O 9. Qd2 Nxd4 10. Bxd4 Be6 11. O-O-O Qa5 12. Kb1 Rfc8 13. b3 a6 14. Nd5 Qxd2
15. Rxd2 Bxd5 16. exd5 a5 17. Kb2 a4 18. b4 b5 19. cxb5 Bh6 20. f4 Bxf4 21. Rd1
Nxd5 22. g3 Be3 23. a3 Rab8 24. Bh3 e6 25. Rhe1 Bxd4+ 26. Rxd4 Rc3 27. Rxd5 Rb3+
28. Ka2 exd5 29. Bd7 d4 30. Rd1 Rb7 31. Bg4 d3 32. Rd2 Rxb5 33. Bd7 Re5 34. Bxa4
Re2 35. Kxb3 Rxd2 36. b5 Rd1 37. Kb2 Re1 38. b6 Re7 39. Bc6 Re2+ 40. Kb1 Re1+
41. Kb2 Re2+ 42. Kb1 Re1+ 43. Kb2 Re2+ 44. Kb3 Re1 45. Kb2 Re2+ 46. Kb3 Re1 1/2-1/2

[Event "50th Rilton Cup 2022-23"]
[Site "Stockholm SWE"]
[Date "2022.12.27"]
[Round "1.12"]
[White "Kononenko, Dmitry2"]
[Black "Thybo, Jesper Sondergaard"]
[Result "0-1"]
[WhiteTitle "FM"]
[BlackTitle "GM"]
[WhiteElo "2301"]
[BlackElo "2515"]
[WhiteFideId "14113538"]
[BlackFideId "1438832"]
[EventDate "2022.12.27"]

1. Nf3 d5 2. c4 d4 3. b4 g5 4. Bb2 Bg7 5. e3 e5 6. exd4 exd4 7. Bd3 g4 8. Qe2+
Ne7 9. Ng5 Nc6 10. O-O Nxb4 11. f3 Nxd3 12. Qxd3 Bf5 13. Ne4 O-O 14. fxg4 Bg6
15. Na3 Nc6 16. Rae1 Re8 17. g5 Qxg5 18. Nxg5 Bxd3 19. Rxe8+ Rxe8 20. Rf3 Re1+
21. Kf2 Re2+ 22. Kg3 Ne5 23. Rf4 c5 24. Bc1 a6 25. Kh3 Bh6 0-1

[Event "50th Rilton Cup 2022-23"]
[Site "Stockholm SWE"]
[Date "2022.12.27"]
[Round "1.13"]
[White "Kulaots, Kaido"]
[Black "Srinath, Rao S.V."]
[Result "1/2-1/2"]
[WhiteTitle "GM"]
[BlackTitle "IM"]
[WhiteElo "2513"]
[BlackElo "2296"]
[WhiteFideId "4500261"]
[BlackFideId "5028876"]
[EventDate "2022.12.27"]

1. d4 Nf6 2. c4 g6 3. Nf3 Bg7 4. g3 O-O 5. Bg2 d6 6. O-O Nc6 7. d5 Na5 8. Nfd2
c5 9. a3 Nd7 10. Ra2 Ne5 11. b3 a6 12. h3 b5 13. Qc2 Rb8 14. Bb2 Qb6 15. Bc3 f5
16. f4 Nf7 17. Bxg7 Kxg7 18. e4 e5 19. dxe6 Bxe6 20. exf5 gxf5 21. Qc3+ Kg8 22.
Re1 Rbe8 23. Qf6 bxc4 24. bxc4 Bxc4 25. Rxe8 Bxa2 26. Rxf8+ Kxf8 27. Qxf5 Qb2
28. Qc8+ Kg7 29. Qg4+ Kf8 30. Qc8+ Kg7 31. Qg4+ Kf8 32. Qc8+ 1/2-1/2

[Event "50th Rilton Cup 2022-23"]
[Site "Stockholm SWE"]
[Date "2022.12.27"]
[Round "1.14"]
[White "Shohat, Yotam"]
[Black "Khenkin, Igor"]
[Result "1-0"]
[WhiteTitle "FM"]
[BlackTitle "GM"]
[WhiteElo "2294"]
[BlackElo "2508"]
[WhiteFideId "2813955"]
[BlackFideId "4659600"]
[EventDate "2022.12.27"]

1. e4 c6 2. d4 d5 3. exd5 cxd5 4. c4 Nf6 5. Nc3 g6 6. cxd5 Bg7 7. Bc4 O-O 8.
Nge2 Na6 9. O-O Nc7 10. Nf4 b6 11. h4 Bb7 12. h5 Ncxd5 13. h6 Bh8 14. Nfxd5 Nxd5
15. Bxd5 Bxd5 16. Re1 e6 17. Qg4 f5 18. Qf4 Rc8 19. Be3 Rc4 20. Rad1 Qd7 21. Qg3
b5 22. Ne2 Rc2 23. Nf4 Rxb2 24. Rc1 Qd6 25. Nxd5 Qxd5 26. Rc7 Bf6 27. Rec1 Qxa2
28. Rxh7 Kxh7 29. Rc7+ Kh8 30. Qxg6 Rb1+ 31. Kh2 Rh1+ 1-0

[Event "50th Rilton Cup 2022-23"]
[Site "Stockholm SWE"]
[Date "2022.12.27"]
[Round "1.15"]
[White "Keinanen, Toivo"]
[Black "Kalogridis, Antonios"]
[Result "1-0"]
[WhiteTitle "IM"]
[BlackTitle "FM"]
[WhiteElo "2508"]
[BlackElo "2293"]
[WhiteFideId "509825"]
[BlackFideId "25833901"]
[EventDate "2022.12.27"]

1. d4 Nf6 2. Nf3 g6 3. Nbd2 d5 4. b4 e6 5. Rb1 a5 6. b5 Bb4 7. Bb2 Ne4 8. Qc1 f5
9. e3 Nd7 10. c3 Be7 11. c4 O-O 12. Bd3 g5 13. Qc2 g4 14. Ng1 Bb4 15. Bxe4 fxe4
16. Ne2 Bxd2+ 17. Qxd2 Nb6 18. c5 Nc4 19. Qc3 a4 20. h3 Qe8 21. hxg4 Qxb5 22.
O-O Qa5 23. Qxa5 Rxa5 24. Bc3 Ra8 25. Nf4 Rf7 26. Rfe1 c6 27. Kh2 e5 28. dxe5
Bxg4 29. e6 Rc7 30. f3 exf3 31. gxf3 Bf5 32. e4 dxe4 33. Rg1+ Bg6 34. Nxg6 hxg6
35. Rxg6+ Kh7 36. Rg4 Ne3 37. Rh4+ Kg6 38. Rg1+ Kf5 39. fxe4+ 1-0

[Event "50th Rilton Cup 2022-23"]
[Site "Stockholm SWE"]
[Date "2022.12.27"]
[Round "1.16"]
[White "Kolbus, Dietmar"]
[Black "Horvath, Dominik"]
[Result "0-1"]
[WhiteTitle "IM"]
[BlackTitle "IM"]
[WhiteElo "2292"]
[BlackElo "2502"]
[WhiteFideId "4610628"]
[BlackFideId "1642561"]
[EventDate "2022.12.27"]

1. Nf3 d6 2. d4 Nf6 3. c4 g6 4. Nc3 Bg7 5. g3 O-O 6. Bg2 c6 7. O-O Qb6 8. h3 Qa6
9. b3 b5 10. cxb5 cxb5 11. b4 Bb7 12. a4 bxa4 13. b5 Qb6 14. Qd3 Rc8 15. Nxa4
Qc7 16. Ne1 Bxg2 17. Nxg2 Nbd7 18. Ne3 e5 19. Bb2 Qb7 20. dxe5 dxe5 21. Ba3 h5
22. Rab1 h4 23. g4 Nf8 24. Bxf8 Bxf8 25. Rfd1 Rc7 26. Nc3 e4 27. Qd4 Bg7 28.
Ncd5 Nxd5 29. Qxd5 Rb8 30. Qg5 Rd7 31. Qxh4 Rxd1+ 32. Nxd1 Qd7 33. Ne3 Rxb5 34.
Rxb5 Qxb5 35. Qd8+ Bf8 36. Nd5 Qxe2 37. Nf6+ Kg7 38. Qd4 Qd3 39. Ne8+ Kg8 40.
Nf6+ Kh8 41. Qxa7 Qd1+ 0-1

[Event "50th Rilton Cup 2022-23"]
[Site "Stockholm SWE"]
[Date "2022.12.27"]
[Round "1.17"]
[White "Seo, Jung Min"]
[Black "Olsson, William"]
[Result "1/2-1/2"]
[WhiteTitle "IM"]
[BlackTitle "FM"]
[WhiteElo "2502"]
[BlackElo "2290"]
[WhiteFideId "1734687"]
[BlackFideId "1741721"]
[EventDate "2022.12.27"]

1. c4 c6 2. Nf3 d5 3. d4 Nf6 4. e3 Bf5 5. Nc3 e6 6. Nh4 Bg6 7. Nxg6 hxg6 8. Bd2
Nbd7 9. g3 a5 10. cxd5 exd5 11. Bg2 Nb6 12. O-O Be7 13. b3 O-O 14. f3 Re8 15.
Re1 Qd7 16. Ne2 a4 17. Nf4 g5 18. Nd3 g4 19. Ne5 Qd6 20. Nxg4 Nxg4 21. fxg4 Bg5
22. h4 Bd8 23. Qf3 Bc7 24. Rf1 Re7 25. Kh2 Nd7 26. g5 Nf8 27. Qg4 Qg6 28. bxa4
Rxa4 29. Rf5 Qe6 30. Kh3 Ng6 31. Bf3 Re8 32. Bd1 Ra3 33. Rf2 Rxe3 34. Bxe3 Qxe3
35. Qf3 Nf4+ 36. gxf4 Qxd4 37. Re2 Rxe2 38. Qxe2 Qxf4 39. Qe8+ Kh7 40. Bc2+ g6
41. Bxg6+ fxg6 42. Qe7+ Kg8 43. Qe8+ Kh7 1/2-1/2

[Event "50th Rilton Cup 2022-23"]
[Site "Stockholm SWE"]
[Date "2022.12.27"]
[Round "1.18"]
[White "Shaik, Sumer Arsh"]
[Black "Kucuksari, Kaan"]
[Result "0-1"]
[WhiteTitle "CM"]
[BlackTitle "IM"]
[WhiteElo "2290"]
[BlackElo "2492"]
[WhiteFideId "45020000"]
[BlackFideId "6380166"]
[EventDate "2022.12.27"]

1. d4 f5 2. Nc3 Nf6 3. Bf4 e6 4. e3 Bb4 5. Bd3 Bxc3+ 6. bxc3 d6 7. Nf3 O-O 8.
O-O Qe7 9. Re1 Nc6 10. e4 fxe4 11. Bxe4 Nxe4 12. Rxe4 Rf5 13. Bg3 Bd7 14. Qd3
Raf8 15. Rae1 Qf7 16. c4 b6 17. a3 h6 18. R4e2 Ne7 19. d5 e5 20. Nd2 g5 21. Ne4
Ng6 22. Qd2 Qe7 23. h4 Nf4 24. Bxf4 gxf4 25. g3 Rh5 26. Qd3 Qg7 27. Nd2 Rxh4 28.
Nf1 Rf5 29. f3 fxg3 30. Rg2 Rh3 31. f4 exf4 32. Qf3 Rfh5 33. Rge2 Qd4+ 34. Kg2
Rh2+ 35. Nxh2 Rxh2+ 36. Kf1 Bh3+ 0-1

[Event "50th Rilton Cup 2022-23"]
[Site "Stockholm SWE"]
[Date "2022.12.27"]
[Round "1.19"]
[White "Garriga Cazorla, Pere"]
[Black "Falkevall, Axel"]
[Result "1-0"]
[WhiteTitle "IM"]
[BlackTitle "FM"]
[WhiteElo "2490"]
[BlackElo "2287"]
[WhiteFideId "32011601"]
[BlackFideId "1735560"]
[EventDate "2022.12.27"]

1. d4 Nf6 2. c4 g6 3. Nc3 Bg7 4. e4 d6 5. h3 O-O 6. Be3 e5 7. d5 Na6 8. g4 Nc5
9. f3 a5 10. Qd2 c6 11. Nge2 a4 12. Ng3 h5 13. Bg5 h4 14. Nge2 Qa5 15. Nc1 cxd5
16. cxd5 Bd7 17. Nd1 Qxd2+ 18. Bxd2 Nh7 19. Nd3 Bf6 20. Rc1 Rfc8 21. Nxc5 Rxc5
22. Ne3 b5 23. Bd3 Bd8 24. Ke2 Ba5 25. Bxa5 Rxa5 26. Ng2 g5 27. Kd2 Nf8 28. Rc3
Ra8 29. Rhc1 Rac8 30. b3 axb3 31. Rxc5 Rxc5 32. axb3 b4 33. Ne3 Ng6 34. Rc4 Nf4
35. Rxb4 Kf8 36. Bf1 Ra5 37. Nc2 Ke7 38. Kc1 Kd8 39. Kb2 Kc7 40. Rc4+ Kd8 41.
Nb4 Bb5 42. Nc6+ Bxc6 43. Rxc6 Kd7 44. b4 Ra4 45. b5 Rb4+ 46. Kc2 f6 47. b6 Ne6
48. Kc3 Rb1 49. Bd3 Rc1+ 50. Kb2 Rxc6 51. Bb5 Nd4 52. dxc6+ 1-0

[Event "50th Rilton Cup 2022-23"]
[Site "Stockholm SWE"]
[Date "2022.12.27"]
[Round "1.20"]
[White "Shailesh, Dravid"]
[Black "Aditya, Mittal"]
[Result "1/2-1/2"]
[WhiteTitle "FM"]
[BlackTitle "IM"]
[WhiteElo "2286"]
[BlackElo "2479"]
[WhiteFideId "25017969"]
[BlackFideId "35042025"]
[EventDate "2022.12.27"]

1. e4 c5 2. Nf3 d6 3. d4 cxd4 4. Nxd4 Nf6 5. Nc3 a6 6. Be3 e5 7. Nf3 Be7 8. h3
Be6 9. g4 h6 10. Bg2 Nbd7 11. a4 Qa5 12. Nd2 Rc8 13. O-O g5 14. Nd5 Bxd5 15.
exd5 Nxd5 16. Nb3 Nxe3 17. fxe3 Qb6 18. Qd3 h5 19. Bd5 Nf6 20. Rxf6 Bxf6 21. Rf1
Rh6 22. Nd2 hxg4 23. Ne4 Be7 24. Rxf7 Rxh3 25. Nf2 Qxe3 26. Qg6 Kd8 27. Qg8+ Kd7
28. Rxe7+ Kxe7 29. Qe6+ Kd8 30. Qxd6+ Ke8 31. Qe6+ Kd8 32. Qd6+ Ke8 33. Qe6+ Kd8
34. Qg8+ Kc7 35. Qf7+ Kd8 36. Qf6+ Kd7 37. Qf7+ Kd8 38. Qf6+ Kd7 39. Qf7+ Kd6
40. Qe6+ Kc7 41. Qe7+ Kb6 42. Qb4+ Kc7 1/2-1/2

[Event "50th Rilton Cup 2022-23"]
[Site "Stockholm SWE"]
[Date "2022.12.27"]
[Round "1.21"]
[White "Westerberg, Jonathan"]
[Black "Cederstam, Carl"]
[Result "1/2-1/2"]
[WhiteTitle "GM"]
[BlackTitle "FM"]
[WhiteElo "2476"]
[BlackElo "2276"]
[WhiteFideId "1701754"]
[BlackFideId "1713329"]
[EventDate "2022.12.27"]

1. c4 e6 2. Nf3 d5 3. g3 Nf6 4. Bg2 d4 5. O-O c5 6. e3 Nc6 7. exd4 cxd4 8. d3
Bd6 9. Bg5 h6 10. Bxf6 Qxf6 11. Nbd2 Qd8 12. Re1 O-O 13. a3 a5 14. Rc1 e5 15. c5
Bc7 16. Nc4 Re8 17. Nfd2 Re7 18. Ne4 Be6 19. Ned6 Bxd6 20. cxd6 Rd7 21. Bxc6
bxc6 22. Rxe5 Bxc4 23. Rxc4 Rxd6 24. Qf3 Qd7 25. Qe4 g6 26. Kg2 Rb8 27. b4 axb4
28. axb4 Kf8 29. Rec5 Re8 30. Re5 Rb8 31. Qh4 Kg7 32. Re7 Qd8 33. Qe4 Kf8 34.
Qe5 Kg8 35. Re8+ Qxe8 36. Qxd6 Kh7 37. Rxd4 Rb5 38. Re4 Qc8 39. Rc4 Qb7 40. Re4
Rf5 41. g4 Rd5 42. Qf6 Qd7 43. h3 Rd6 44. Qe7 1/2-1/2

[Event "50th Rilton Cup 2022-23"]
[Site "Stockholm SWE"]
[Date "2022.12.27"]
[Round "1.22"]
[White "Tryggestad, Andreas Garberg"]
[Black "Pranesh, M"]
[Result "0-1"]
[WhiteTitle "FM"]
[BlackTitle "IM"]
[WhiteElo "2276"]
[BlackElo "2475"]
[WhiteFideId "1513338"]
[BlackFideId "35028600"]
[EventDate "2022.12.27"]

1. e4 e5 2. Nf3 Nc6 3. Bc4 Nf6 4. d4 exd4 5. O-O Nxe4 6. Re1 d5 7. Bxd5 Qxd5 8.
Nc3 Qa5 9. Nxe4 Be6 10. Neg5 O-O-O 11. Nxe6 fxe6 12. Rxe6 Qd5 13. Qe2 Bc5 14.
Bd2 Rhf8 15. Re1 Qxa2 16. Bg5 d3 17. Qe4 Rd6 18. Rxd6 cxd6 19. Qxd3 Qxb2 20.
Qxh7 a5 21. Qe4 Ne5 22. Be3 Qb4 23. Nd2 Kc7 24. c4 Nc6 25. Rb1 Qc3 26. Nf1 a4
27. Bxc5 dxc5 28. Ne3 Qd2 29. Qh4 Qd6 30. Qg5 Qe5 31. Qg6 Nb4 32. Nd5+ Nxd5 33.
cxd5 Kb8 34. Qc6 Qe1+ 35. Rxe1 bxc6 36. d6 Rd8 37. Rd1 Kb7 38. f4 Kb6 39. Kf2 c4
40. Ke3 Kc5 41. d7 c3 0-1